[Event "POL-chT 2nd League-3 2020"]
[Site "Poronin"]
[Date "2020.09.08"]
[Round "4.1"]
[White "Fus, Jakub"]
[Black "Gumula, Daniel"]
[Result "1-0"]
[WhiteElo "2410"]
[BlackElo "2177"]
[Annotator "RC"]
[PlyCount "161"]
[EventDate "2020.09.05"]
[EventType "team-tourn"]
[EventCountry "POL"]
[SourceTitle "playchess.com"]
[Source "ChessBase"]
[SourceQuality "1"]
[TimeControl "40/5400+30:900+30"]

1. d4 {[%emt 0:00:00]} Nf6 {[%emt 0:00:35]} 2. c4 {[%emt 0:00:00]} Nc6 {[%emt 0:00:07]} 3. Nf3 {[%emt 0:00:00]} d6 {[%emt 0:02:41]} 4. g3 {[%emt 0:00:50]} Bg4 {[%emt 0:01:19]} 5. Bg2 {[%emt 0:00:09]} g6 {[%emt 0:04:11]} 6. O-O {[%emt 0:00:23]} Qc8 {[%emt 0:02:41]} 7. Nc3 {[%emt 0:02:52]} Bg7 {[%emt 0:02:14]} 8. d5 {[%emt 0:02:23]} Nb8 {[%emt 0:03:03]} 9. Re1 {[%emt 0:03:36]} O-O {[%emt 0:03:43]} 10. e4 {[%emt 0:05:07]} c6 {[%emt 0:12:24]} 11. Be3 {[%emt 0:02:45]} Bh3 {[%emt 0:04:38]} 12. Rc1 {[%emt 0:03:57]} Bxg2 {[%emt 0:02:55]} 13. Kxg2 {[%emt 0:00:04]} Nbd7 {[%emt 0:00:04]} 14. h3 {[%emt 0:05:18]} a6 {[%emt 0:07:27]} 15. Qd2 {[%emt 0:02:31]} Re8 {[%emt 0:00:15]} 16. Bh6 {[%emt 0:01:56]} Bh8 {[%emt 0:00:45]} 17. Ng5 {[%emt 0:04:06]} cxd5 {[%emt 0:27:37]} 18. cxd5 {[%emt 0:00:55]} Qc4 {[%emt 0:00:11]} 19. f4 {[%emt 0:11:55]} Nc5 {[%emt 0:00:20]} 20. Re3 {[%emt 0:18:39]} Nfd7 {[%emt 0:01:25]} 21. Nf3 {[%emt 0:00:49]} Rad8 {[%emt 0:12:16]} 22. Ne2 {[%emt 0:03:25]} Qxa2 {[%emt 0:03:04]} 23. Ned4 {[%emt 0:20:17]} Rc8 {[%emt 0:05:22]} 24. Rec3 {[%emt 0:05:04]} Nb6 {[%emt 0:00:10]} 25. Qe2 {[%emt 0:03:26]} Nca4 {[%emt 0:00:56]} 26. R3c2 {[%emt 0:01:15]} Rxc2 {[%emt 0:00:30]} 27. Qxc2 {[%emt 0:00:23]} Nc5 {[%emt 0:01:32]} 28. f5 {[%emt 0:00:51]} Nbd7 {[%emt 0:00:41]} 29. Qe2 {[%emt 0:00:49]} Ne5 {[%emt 0:00:23]} 30. Rc2 {[%emt 0:00:33]} Nxf3 {[%emt 0:00:37]} 31. Nxf3 {[%emt 0:00:11]} Qa4 {[%emt 0:00:09]} 32. e5 {[%emt 0:00:36]} Qe4 {[%emt 0:00:26]} 33. Qxe4 {[%emt 0:00:24]} Nxe4 {[%emt 0:00:02]} 34. fxg6 {[%emt 0:00:13]} hxg6 {[%emt 0:00:17]} 35. Rc7 {[%emt 0:01:13]} dxe5 {[%emt 0:00:51]} 36. Rxb7 {[%emt 0:00:06]} Nd6 {[%emt 0:00:26]} 37. Rb6 {[%emt 0:00:25]} e4 {[%emt 0:01:05]} 38. Nd2 {[%emt 0:00:01]} Rc8 {[%emt 0:00:35]} 39. Bf4 {[%emt 0:00:29]} Rc2 {[%emt 0:00:13]} 40. Kf1 {[%emt 0:00:00]} f5 {[%emt 0:00:00]} 41. Rxa6 {[%emt 0:04:10]} Rxb2 {[%emt 0:13:20]} 42. Ra8+ {[%emt 0:00:06]} Kf7 {[%emt 0:01:11]} 43. Rxh8 {[%emt 0:00:05]} Kf6 {[%emt 0:01:34]} 44. h4 {[%emt 0:01:59]} Nf7 {[%emt 0:00:30]} 45. Rb8 {[%emt 0:01:51]} Rxb8 {[%emt 0:00:33]} 46. Bxb8 {[%emt 0:00:07]} g5 {[%emt 0:00:06]} 47. hxg5+ {[%emt 0:01:47]} Kxg5 {[%emt 0:00:05]} 48. Nb3 {[%emt 0:01:01]} Kg4 {[%emt 0:01:06]} 49. Kf2 {[%emt 0:00:37]} Nd6 {[%emt 0:00:24]} 50. Nd4 {[%emt 0:02:14]} f4 {[%emt 0:01:51]} 51. gxf4 {[%emt 0:00:26]} Kxf4 {[%emt 0:00:07]} 52. Nc6 {[%emt 0:00:49]} e3+ {[%emt 0:00:37]} 53. Ke2 {[%emt 0:00:04]} Ke4 {[%emt 0:00:09]} 54. Nxe7 {[%emt 0:00:05]} Nf5 {[%emt 0:01:38]} 55. Nxf5 {[%emt 0:00:11]} Kxd5 {[%emt 0:00:04]} 56. Kxe3 {[%emt 0:00:09]} Kc5 {[%emt 0:00:45]} 57. Ke4 {[%emt 0:00:17]} Kc4 {[%emt 0:00:20]} 58. Be5 {[%emt 0:00:05]} Kc5 {[%emt 0:00:09]} 59. Ne3 {[%emt 0:00:36]} Kc6 {[%emt 0:00:04]} 60. Kd4 {[%emt 0:00:07]} Kb5 {[%emt 0:00:11]} 61. Bd6 {[%emt 0:00:19]} Kc6 {[%emt 0:00:04]} 62. Nc4 {[%emt 0:00:31]} Kb5 {[%emt 0:00:31]} 63. Kd5 {[%emt 0:00:07]} Ka6 {[%emt 0:00:03]} 64. Kc6 {[%emt 0:00:06]} Ka7 {[%emt 0:00:02]} 65. Nb6 {[%emt 0:00:05]} Ka6 {[%emt 0:00:02]} 66. Bb8 {[%emt 0:00:04]} Ka5 {[%emt 0:00:03]} 67. Nd5 {[%emt 0:00:03]} Ka6 {[%emt 0:00:03]} 68. Nb4+ {[%emt 0:00:04]} Ka5 {[%emt 0:00:04]} 69. Kc5 {[%emt 0:00:02]} Ka4 {[%emt 0:00:05]} 70. Kc4 {[%emt 0:00:03]} Ka5 {[%emt 0:00:03]} 71. Bc7+ {[%emt 0:00:03]} Ka4 {[%emt 0:00:05]} 72. Bb6 {[%emt 0:00:04]} Ka3 {[%emt 0:00:05]} 73. Nd3 {[%emt 0:00:02]} Ka4 {[%emt 0:00:04]} 74. Nb2+ {[%emt 0:00:03]} Ka3 {[%emt 0:00:05]} 75. Kc3 {[%emt 0:00:02]} Ka2 {[%emt 0:00:04]} 76. Kc2 {[%emt 0:00:02]} Ka3 {[%emt 0:00:03]} 77. Bc5+ {[%emt 0:00:04]} Ka2 {[%emt 0:00:04]} 78. Nd3 {[%emt 0:00:08]} Ka1 {[%emt 0:00:04]} 79. Bf8 {[%emt 0:00:07]} Ka2 {[%emt 0:00:06]} 80. Nc1+ {[%emt 0:00:02]} Ka1 {[%emt 0:00:04]} 81. Bg7# 1-0

[Event "POL-chT 2nd League-3 2020"]
[Site "Poronin"]
[Date "2020.09.08"]
[Round "4.2"]
[White "Lapaj, Mateusz"]
[Black "Baum, Jonasz"]
[Result "0-1"]
[WhiteElo "2235"]
[BlackElo "2299"]
[Annotator "ChessBase"]
[PlyCount "58"]
[EventDate "2020.09.05"]
[EventType "team-tourn"]
[EventCountry "POL"]
[SourceTitle "playchess.com"]
[Source "ChessBase"]
[SourceQuality "1"]
[TimeControl "40/5400+30:900+30"]

1. e4 {[%emt 0:00:00]} c5 {[%emt 0:00:00]} 2. Nf3 {[%emt 0:00:00]} d6 {[%emt 0:00:00]} 3. d4 {[%emt 0:00:00]} cxd4 {[%emt 0:00:00]} 4. Nxd4 {[%emt 0:00:00]} Nf6 {[%emt 0:00:00]} 5. Nc3 {[%emt 0:00:00]} a6 {[%emt 0:00:04]} 6. f3 {[%emt 0:00:00]} b5 {[%emt 0:03:32]} 7. Be3 {[%emt 0:00:01]} Bb7 {[%emt 0:12:48]} 8. Qd2 {[%emt 0:00:28]} Nbd7 {[%emt 0:00:13]} 9. O-O-O {[%emt 0:11:45]} Rc8 {[%emt 0:10:01]} 10. g4 {[%emt 0:28:57]} Ne5 {[%emt 0:13:54]} 11. Be2 {[%emt 0:18:18]} Nc4 {[%emt 0:21:00]} 12. Bxc4 {[%emt 0:00:03]} Rxc4 {[%emt 0:00:06]} 13. g5 {[%emt 0:05:31]} Nd7 {[%emt 0:00:36]} 14. h4 {[%emt 0:00:44]} Ne5 {[%emt 0:08:23]} 15. b3 {[%emt 0:26:20]} Rc8 {[%emt 0:07:41]} 16. Nd5 {[%emt 0:02:44]} e6 {[%emt 0:01:22]} 17. Nb4 {[%emt 0:00:01]} Qa5 {[%emt 0:09:08]} 18. Kb1 {[%emt 0:00:13]} d5 {[%emt 0:00:59]} 19. Nd3 {[%emt 0:00:03]} Qxd2 {[%emt 0:00:12]} 20. Rxd2 {[%emt 0:00:29]} Nxf3 {[%emt 0:01:36]} 21. Nxf3 {[%emt 0:00:01]} dxe4 {[%emt 0:00:06]} 22. Nde5 {[%emt 0:01:04]} exf3 {[%emt 0:00:06]} 23. Rd7 {[%emt 0:00:55]} Be4 {[%emt 0:00:55]} 24. Rh2 {[%emt 0:00:43]} Bc5 {[%emt 0:02:37]} 25. Bxc5 {[%emt 0:03:07]} Rxc5 {[%emt 0:00:01]} 26. Rhd2 {[%emt 0:00:16]} O-O 27. Ng4 {[%emt 0:00:29]} Rd5 {[%emt 0:02:32]} 28. R2xd5 {[%emt 0:00:19]} exd5 {[%emt 0:01:38]} 29. Ne3 {[%emt 0:00:15]} f6 {[%emt 0:01:57]} 0-1

[Event "POL-chT 2nd League-3 2020"]
[Site "Poronin"]
[Date "2020.09.08"]
[Round "4.3"]
[White "Malicka, Maria"]
[Black "Garbowski, Jakub"]
[Result "1-0"]
[WhiteElo "2256"]
[BlackElo "2139"]
[Annotator "ChessBase"]
[PlyCount "102"]
[EventDate "2020.09.05"]
[EventType "team-tourn"]
[EventCountry "POL"]
[SourceTitle "playchess.com"]
[Source "ChessBase"]
[SourceQuality "1"]
[TimeControl "40/5400+30:900+30"]

1. e4 {[%emt 0:00:00]} c5 {[%emt 0:00:00]} 2. Nf3 {[%emt 0:00:00]} e6 {[%emt 0:00:00]} 3. d4 {[%emt 0:00:00]} cxd4 {[%emt 0:00:00]} 4. Nxd4 {[%emt 0:00:00]} Nf6 {[%emt 0:00:08]} 5. Nc3 {[%emt 0:00:00]} d6 {[%emt 0:00:08]} 6. g4 {[%emt 0:00:00]} e5 {[%emt 0:00:29]} 7. Nf5 {[%emt 0:03:16]} h5 {[%emt 0:01:05]} 8. Bg5 {[%emt 0:09:05]} Nc6 {[%emt 0:20:29]} 9. Bxf6 {[%emt 0:11:42]} Qxf6 {[%emt 0:02:04]} 10. Nd5 {[%emt 0:00:07]} Qd8 {[%emt 0:00:37]} 11. gxh5 {[%emt 0:04:44]} Be6 {[%emt 0:09:42]} 12. c3 {[%emt 0:05:52]} Qd7 {[%emt 0:10:01]} 13. Qf3 {[%emt 0:10:34]} O-O-O {[%emt 0:03:35]} 14. O-O-O {[%emt 0:03:22]} g6 {[%emt 0:04:53]} 15. Nf6 {[%emt 0:04:16]} Qc7 {[%emt 0:05:28]} 16. Ne3 {[%emt 0:00:24]} Nd4 {[%emt 0:08:18]} 17. Qg3 {[%emt 0:11:38]} Bxa2 {[%emt 0:11:41]} 18. Nfd5 {[%emt 0:02:16]} Bxd5 {[%emt 0:06:56]} 19. Nxd5 {[%emt 0:00:49]} Qc6 {[%emt 0:01:42]} 20. hxg6 {[%emt 0:05:37]} fxg6 {[%emt 0:01:25]} 21. Kb1 {[%emt 0:01:29]} Nb3 {[%emt 0:04:13]} 22. Qxg6 {[%emt 0:01:06]} Kb8 {[%emt 0:02:46]} 23. Ne3 {[%emt 0:10:10]} Bh6 {[%emt 0:02:36]} 24. Bc4 {[%emt 0:00:11]} Bxe3 {[%emt 0:02:00]} 25. Bxb3 {[%emt 0:02:10]} Bxf2 {[%emt 0:00:30]} 26. Rd2 {[%emt 0:01:25]} Qb6 {[%emt 0:00:33]} 27. Bd5 {[%emt 0:00:57]} Rdf8 {[%emt 0:01:11]} 28. Qg7 {[%emt 0:02:13]} Qc7 {[%emt 0:00:15]} 29. Qg2 {[%emt 0:00:11]} Be3 {[%emt 0:00:33]} 30. Re2 {[%emt 0:00:22]} Bf4 {[%emt 0:00:31]} 31. Qg4 {[%emt 0:02:30]} Rh6 {[%emt 0:00:53]} 32. h4 {[%emt 0:02:20]} Qh7 {[%emt 0:00:39]} 33. Rg2 {[%emt 0:00:43]} Rh8 {[%emt 0:00:29]} 34. Qg7 {[%emt 0:01:22]} Qxg7 {[%emt 0:00:28]} 35. Rxg7 {[%emt 0:00:02]} R8h7 {[%emt 0:00:09]} 36. Rxh7 {[%emt 0:00:41]} Rxh7 {[%emt 0:00:01]} 37. h5 {[%emt 0:00:08]} Kc8 {[%emt 0:01:03]} 38. Kc2 {[%emt 0:00:47]} Kd8 {[%emt 0:00:45]} 39. Kd3 {[%emt 0:00:47]} Ke8 {[%emt 0:00:34]} 40. Be6 {[%emt 0:00:00]} Ke7 {[%emt 0:00:00]} 41. Bf5 {[%emt 0:02:11]} Rh8 {[%emt 0:02:59]} 42. Kc4 {[%emt 0:01:03]} d5+ {[%emt 0:12:31]} 43. exd5 {[%emt 0:06:21]} Kd6 {[%emt 0:01:06]} 44. Be4 {[%emt 0:00:17]} a6 {[%emt 0:00:20]} 45. Bf3 {[%emt 0:01:20]} Rf8 {[%emt 0:01:04]} 46. h6 {[%emt 0:02:10]} b5+ {[%emt 0:00:34]} 47. Kd3 {[%emt 0:02:45]} Bg5 {[%emt 0:00:27]} 48. Rh3 {[%emt 0:01:27]} Rf4 {[%emt 0:00:33]} 49. h7 {[%emt 0:00:21]} Bf6 {[%emt 0:00:06]} 50. Rh6 {[%emt 0:01:43]} Rxf3+ {[%emt 0:00:51]} 51. Ke2 {[%emt 0:00:05]} Kxd5 1-0

[Event "POL-chT 2nd League-3 2020"]
[Site "Poronin"]
[Date "2020.09.08"]
[Round "4.4"]
[White "Stachanczyk, Jacek"]
[Black "Jarzebowski, Kacper"]
[Result "0-1"]
[WhiteElo "2156"]
[BlackElo "2061"]
[Annotator "ChessBase"]
[PlyCount "40"]
[EventDate "2020.09.05"]
[EventType "team-tourn"]
[EventCountry "POL"]
[SourceTitle "playchess.com"]
[Source "ChessBase"]
[SourceQuality "1"]
[TimeControl "40/5400+30:900+30"]

1. e4 {[%emt 0:00:00]} e5 {[%emt 0:00:00]} 2. Nf3 {[%emt 0:00:00]} Nc6 {[%emt 0:00:00]} 3. Bb5 {[%emt 0:00:00]} f5 {[%emt 0:00:00]} 4. Nc3 {[%emt 0:00:00]} fxe4 {[%emt 0:00:00]} 5. Nxe4 {[%emt 0:00:00]} Nf6 {[%emt 0:00:04]} 6. Nxf6+ {[%emt 0:03:56]} Qxf6 {[%emt 0:00:11]} 7. Qe2 {[%emt 0:01:00]} Be7 {[%emt 0:00:10]} 8. Bxc6 {[%emt 0:01:43]} dxc6 {[%emt 0:00:30]} 9. Nxe5 {[%emt 0:00:11]} O-O {[%emt 0:00:07]} 10. d4 {[%emt 0:04:13]} Bd6 {[%emt 0:01:04]} 11. O-O {[%emt 0:16:41]} c5 {[%emt 0:01:03]} 12. c3 {[%emt 0:01:32]} cxd4 {[%emt 0:00:25]} 13. cxd4 {[%emt 0:00:06]} Be6 {[%emt 0:09:26]} 14. f4 {[%emt 0:00:39]} Rae8 {[%emt 0:02:04]} 15. Be3 {[%emt 0:06:37]} Bd5 {[%emt 0:12:16]} 16. a3 {[%emt 0:07:28]} Qf5 {[%emt 0:01:00]} 17. Rae1 {[%emt 0:01:05]} c6 {[%emt 0:03:49]} 18. Rf2 {[%emt 0:03:02]} Bc7 {[%emt 0:11:29]} 19. b4 {[%emt 0:07:16]} b5 {[%emt 0:02:00]} 20. Qg4 {[%emt 0:06:17]} Rxe5 {[%emt 0:02:06]} 0-1

[Event "POL-chT 2nd League-3 2020"]
[Site "Poronin"]
[Date "2020.09.08"]
[Round "4.5"]
[White "Dalkowski, Rafal"]
[Black "Rosicki, Marcin"]
[Result "1/2-1/2"]
[WhiteElo "1859"]
[BlackElo "2039"]
[Annotator "NA"]
[PlyCount "51"]
[EventDate "2020.09.05"]
[EventType "team-tourn"]
[EventCountry "POL"]
[SourceTitle "playchess.com"]
[Source "ChessBase"]
[SourceQuality "1"]
[TimeControl "40/5400+30:900+30"]

1. d4 {[%emt 0:00:00]} d5 {[%emt 0:00:00]} 2. c4 {[%emt 0:00:00]} c6 {[%emt 0:00:00]} 3. Nc3 {[%emt 0:00:00]} Nf6 {[%emt 0:00:10]} 4. Nf3 {[%emt 0:00:00]} e6 {[%emt 0:00:17]} 5. Bg5 {[%emt 0:00:15]} Nbd7 {[%emt 0:00:22]} 6. e3 {[%emt 0:01:32]} Be7 {[%emt 0:00:06]} 7. Bd3 {[%emt 0:02:35]} O-O {[%emt 0:00:07]} 8. O-O {[%emt 0:00:05]} dxc4 {[%emt 0:00:19]} 9. Bxc4 {[%emt 0:00:06]} b5 {[%emt 0:00:05]} 10. Bd3 {[%emt 0:00:22]} Bb7 {[%emt 0:00:06]} 11. Qe2 {[%emt 0:01:05]} a6 {[%emt 0:00:06]} 12. Rfd1 {[%emt 0:00:42]} Qc7 {[%emt 0:01:18]} 13. e4 {[%emt 0:08:58]} b4 $16 {[%emt 0:11:31]} (13... h6 $14 14. Bxf6 Nxf6) 14. Na4 {[%emt 0:10:56]} e5 {[%emt 0:14:17]} 15. dxe5 {[%emt 0:12:12]} Nxe5 {[%emt 0:00:07]} 16. Nxe5 {[%emt 0:00:31]} Qxe5 {[%emt 0:00:05]} 17. Bh4 {[%emt 0:02:09]} Rfe8 {[%emt 0:17:53]} 18. Nb6 {[%emt 0:04:10]} Rad8 {[%emt 0:00:48]} 19. Bg3 {[%emt 0:01:26]} Qh5 {[%emt 0:07:07]} 20. Qxh5 {[%emt 0:05:01]} Nxh5 {[%emt 0:00:05]} 21. Bc7 {[%emt 0:00:35]} Rd4 {[%emt 0:00:05]} 22. Be5 {[%emt 0:03:02]} Rdd8 {[%emt 0:00:44]} 23. Bc7 {[%emt 0:01:37]} Rd4 {[%emt 0:00:04]} 24. Be5 {[%emt 0:02:49]} Rdd8 {[%emt 0:00:10]} 25. Bc7 {[%emt 0:01:08]} Rd4 {[%emt 0:00:07]} 26. Be5 1/2-1/2

[Event "POL-chT 2nd League-3 2020"]
[Site "Poronin"]
[Date "2020.09.08"]
[Round "4.6"]
[White "Pluta, Natalia"]
[Black "Tarka, Aleksandra"]
[Result "1/2-1/2"]
[WhiteElo "1844"]
[BlackElo "1586"]
[Annotator "NA"]
[PlyCount "176"]
[EventDate "2020.09.05"]
[EventType "team-tourn"]
[EventCountry "POL"]
[SourceTitle "playchess.com"]
[Source "ChessBase"]
[SourceQuality "1"]
[TimeControl "40/5400+30:900+30"]

1. c4 {[%emt 0:00:00]} f5 {[%emt 0:00:00]} 2. g3 {[%emt 0:00:00]} Nf6 {[%emt 0:00:00]} 3. Bg2 {[%emt 0:00:09]} g6 {[%emt 0:00:00]} 4. Nc3 {[%emt 0:00:09]} Bg7 {[%emt 0:00:07]} 5. e3 {[%emt 0:00:19]} d6 {[%emt 0:00:58]} 6. d4 {[%emt 0:01:27]} O-O {[%emt 0:00:41]} 7. Nge2 {[%emt 0:02:34]} e6 {[%emt 0:06:38]} 8. b4 {[%emt 0:04:09]} Qe7 {[%emt 0:11:47]} 9. O-O {[%emt 0:02:34]} c6 {[%emt 0:08:40]} 10. Qb3 {[%emt 0:04:19]} e5 {[%emt 0:07:15]} 11. dxe5 {[%emt 0:07:59]} dxe5 {[%emt 0:02:06]} 12. b5 {[%emt 0:05:34]} Re8 {[%emt 0:12:56]} 13. Ba3 {[%emt 0:01:26]} Qf7 {[%emt 0:00:51]} 14. Rac1 {[%emt 0:02:05]} Be6 {[%emt 0:01:38]} 15. Na4 {[%emt 0:00:48]} e4 {[%emt 0:14:22]} 16. Nd4 {[%emt 0:07:55]} cxb5 {[%emt 0:02:53]} 17. Nxb5 {[%emt 0:02:49]} Bf8 {[%emt 0:07:19]} 18. Bxf8 {[%emt 0:03:14]} Rxf8 {[%emt 0:00:09]} 19. Nd6 {[%emt 0:01:19]} Qc7 {[%emt 0:03:14]} 20. Nxb7 {[%emt 0:05:11]} Nbd7 {[%emt 0:01:50]} 21. Rc2 {[%emt 0:05:51]} Rab8 {[%emt 0:01:05]} 22. Rb1 {[%emt 0:00:08]} Ne8 {[%emt 0:01:48]} 23. Rd2 {[%emt 0:09:27]} Rf7 {[%emt 0:07:23]} 24. Bf1 {[%emt 0:01:33]} Ne5 {[%emt 0:01:25]} 25. Rdb2 {[%emt 0:15:42]} Bc8 {[%emt 0:02:21]} 26. Nac5 {[%emt 0:01:46]} Qc6 {[%emt 0:03:34]} 27. Qb5 {[%emt 0:02:53]} Qxb5 {[%emt 0:01:35]} 28. Rxb5 {[%emt 0:00:10]} Bxb7 {[%emt 0:00:35]} 29. Rxb7 {[%emt 0:00:14]} Rbxb7 {[%emt 0:00:32]} 30. Rxb7 {[%emt 0:00:05]} Rxb7 {[%emt 0:00:39]} 31. Nxb7 {[%emt 0:00:06]} Nf3+ {[%emt 0:00:31]} 32. Kg2 {[%emt 0:00:53]} Ne1+ {[%emt 0:00:19]} 33. Kg1 {[%emt 0:00:57]} Nf3+ {[%emt 0:00:07]} 34. Kh1 {[%emt 0:00:37]} Kf7 {[%emt 0:01:04]} 35. Nd8+ {[%emt 0:01:10]} Kf6 {[%emt 0:00:32]} 36. Nc6 {[%emt 0:02:58]} Nd2 {[%emt 0:00:25]} 37. Be2 {[%emt 0:00:30]} a6 {[%emt 0:00:36]} 38. Kg2 {[%emt 0:03:46]} Nc7 {[%emt 0:00:27]} 39. Nd4 {[%emt 0:00:51]} Ke5 {[%emt 0:00:29]} 40. Nb3 {[%emt 0:00:00]} Nb1 {[%emt 0:00:00]} 41. Kf1 {[%emt 0:08:34]} Nc3 {[%emt 0:01:51]} 42. a3 {[%emt 0:02:41]} Na4 {[%emt 0:03:53]} 43. Ke1 {[%emt 0:00:54]} Ne6 {[%emt 0:03:52]} 44. Kd2 {[%emt 0:01:23]} Kd6 {[%emt 0:02:49]} 45. Kc2 {[%emt 0:01:05]} Ke5 {[%emt 0:00:40]} 46. Na5 {[%emt 0:02:33]} Nec5 {[%emt 0:02:00]} 47. Nc6+ {[%emt 0:00:51]} Kd6 {[%emt 0:00:15]} 48. Nd4 {[%emt 0:00:18]} a5 {[%emt 0:02:03]} 49. g4 {[%emt 0:00:27]} fxg4 {[%emt 0:01:00]} 50. Bxg4 {[%emt 0:00:14]} Nb6 {[%emt 0:00:30]} 51. Be2 {[%emt 0:01:01]} Ncd7 {[%emt 0:00:42]} 52. Kc3 {[%emt 0:02:07]} Nc5 {[%emt 0:00:37]} 53. Bd1 {[%emt 0:01:09]} Nd3 {[%emt 0:01:34]} 54. f3 {[%emt 0:01:05]} Nc5 {[%emt 0:00:39]} 55. Bc2 {[%emt 0:00:55]} exf3 {[%emt 0:00:19]} 56. Nxf3 {[%emt 0:00:08]} Ne6 {[%emt 0:00:38]} 57. Nd4 {[%emt 0:00:55]} Nc5 {[%emt 0:00:16]} 58. Nf3 {[%emt 0:00:55]} Ne6 {[%emt 0:00:18]} 59. h4 {[%emt 0:01:05]} Nd7 {[%emt 0:00:49]} 60. h5 {[%emt 0:00:22]} gxh5 {[%emt 0:00:26]} 61. Bxh7 {[%emt 0:00:06]} Ndc5 {[%emt 0:00:35]} 62. Bg6 {[%emt 0:00:27]} Na4+ {[%emt 0:00:40]} 63. Kb3 {[%emt 0:00:41]} Nac5+ {[%emt 0:00:18]} 64. Kc2 {[%emt 0:00:38]} Ng7 {[%emt 0:00:29]} 65. e4 {[%emt 0:01:04]} h4 {[%emt 0:00:47]} 66. Nxh4 {[%emt 0:00:24]} Ke5 {[%emt 0:00:11]} 67. Nf3+ {[%emt 0:00:23]} Kf4 {[%emt 0:00:24]} 68. Nd2 {[%emt 0:00:33]} Nge6 {[%emt 0:00:33]} 69. Kc3 {[%emt 0:00:34]} Na4+ {[%emt 0:00:35]} 70. Kd3 {[%emt 0:00:32]} Nac5+ {[%emt 0:00:08]} 71. Kc2 {[%emt 0:00:11]} Nd4+ {[%emt 0:00:54]} 72. Kb2 {[%emt 0:00:33]} Ke5 {[%emt 0:00:44]} 73. Kc3 {[%emt 0:00:27]} Ne2+ {[%emt 0:00:26]} 74. Kb2 {[%emt 0:00:37]} Nd4 {[%emt 0:00:18]} 75. Bh7 {[%emt 0:00:27]} Kf4 {[%emt 0:00:25]} 76. Bf5 {[%emt 0:00:36]} Ke5 {[%emt 0:00:16]} 77. Nb1 {[%emt 0:01:14]} Nxe4 {[%emt 0:00:45]} 78. Bxe4 {[%emt 0:00:08]} Kxe4 {[%emt 0:00:05]} 79. Kc3 {[%emt 0:00:25]} Ne2+ {[%emt 0:01:15]} 80. Kb3 {[%emt 0:00:05]} Kd4 {[%emt 0:00:37]} 81. Nd2 {[%emt 0:00:22]} Nc3 {[%emt 0:00:25]} 82. Nf3+ {[%emt 0:00:25]} Kd3 {[%emt 0:00:26]} 83. c5 {[%emt 0:00:15]} Nd5 {[%emt 0:00:30]} 84. c6 {[%emt 0:00:52]} Ke4 {[%emt 0:00:39]} 85. Nd2+ {[%emt 0:00:13]} Kd4 {[%emt 0:00:16]} 86. Nc4 {[%emt 0:00:44]} a4+ {[%emt 0:00:17]} 87. Kxa4 {[%emt 0:00:05]} Kxc4 {[%emt 0:00:11]} 88. Ka5 {[%emt 0:00:08]} Kc5 {[%emt 0:00:14]} 1/2-1/2

[Event "POL-chT 2nd League-3 2020"]
[Site "Poronin"]
[Date "2020.09.08"]
[Round "4.7"]
[White "Niekras, Dawid"]
[Black "Sieciechowicz, Marcin"]
[Result "0-1"]
[WhiteElo "2329"]
[BlackElo "2382"]
[Annotator "TA"]
[PlyCount "64"]
[EventDate "2020.09.05"]
[EventType "team-tourn"]
[EventCountry "POL"]
[SourceTitle "playchess.com"]
[Source "ChessBase"]
[SourceQuality "1"]

{[%evp 10,64,0,-3,-4,0,0,0,0,0,27,-7,19,11,19,-20,0,-6,-9,-4,-4,-11,-11,-120,-127,-123,-123,-121,-125,-130,-122,-130,-128,-148,-147,-159,-144,-248,-247,-237,-237,-261,-244,-255,-242,-308,-307,-290,-275,-494,-485,-537,-531,-532,-531,-515,-516]} 1. e4 e6 2. d4 d5 3. Bd3 dxe4 4. Bxe4 Nf6 5. Bf3 c5 6. Ne2 Nc6 {[%cal Rc5d4] C01: French: Exchange Variation.} 7. Be3 cxd4 8. Nxd4 Ne5 {The position is equal.} 9. Nc3 Be7 10. Ndb5 Nxf3+ 11. Qxf3 O-O 12. O-O a6 {[#]} 13. Rad1 $146 ({Predecessor:} 13. Rfd1 Bd7 14. Nd4 Qc7 15. Qg3 Qxg3 16. hxg3 e5 17. Nf3 Bg4 18. Rd2 Bxf3 19. gxf3 {½-½ (52) Alekseev,E (2620)-Dilmukhametov,A (2353) Sochi 2018}) 13... Bd7 14. Nd6 Bc6 15. Qg3 Qb8 16. Nc4 (16. Rfe1 $11) 16... Qxg3 $17 {White is on the road to losing.} 17. hxg3 Bb5 $36 {[%mdl 2048] Black has strong initiative.} 18. Nb6 Bxf1 19. Nxa8 Bxg2 $1 20. Kxg2 {[#] Hoping for Nb6.} Rxa8 21. Na4 Rc8 22. c3 Nd5 23. Nb6 (23. Bd4 $17) 23... Nxe3+ $19 24. fxe3 {[%mdl 4096] Endgame KRB-KRN} Rc6 25. Nd7 {[#]} f6 $1 26. a4 a5 27. Rd4 Kf7 28. b4 e5 29. b5 $2 (29. Rd2 {was called for.}) 29... Rxc3 {Black is clearly winning.} (29... exd4 $2 30. bxc6 bxc6 31. exd4 $19) 30. Rd2 Ke6 31. Nb6 Bc5 32. Nd5 Bxe3 {Accuracy: White = 47%, Black = 95%.} 0-1

[Event "POL-chT 2nd League-3 2020"]
[Site "Poronin"]
[Date "2020.09.08"]
[Round "4.8"]
[White "Grela, Kacper"]
[Black "Zakrzewski, Marek"]
[Result "0-1"]
[WhiteElo "2377"]
[BlackElo "2267"]
[Annotator "TA"]
[PlyCount "86"]
[EventDate "2020.09.05"]
[EventType "team-tourn"]
[EventCountry "POL"]
[SourceTitle "playchess.com"]
[Source "ChessBase"]
[SourceQuality "1"]

{[%evp 16,86,12,2,27,22,39,0,0,0,0,0,15,15,5,0,6,-10,-8,-15,-9,-59,-59,-48,-69,-86,-72,-155,-143,-204,-205,-236,-144,-230,-155,-154,-157,-166,-161,-165,-143,-150,-146,-187,-195,-220,-218,-314,-313,-309,-309,-309,-309,-306,-304,-304,-299,-586,-583,-603,-610,-596,-578,-772,-741,-857,-841,-760,-723,-29979,-29980,-29979,-29980]} 1. e4 e5 2. Nf3 Nc6 3. Bb5 a6 4. Ba4 Nf6 5. d3 b5 6. Bb3 Be7 7. O-O d6 8. a3 O-O 9. Nc3 Na5 $1 {[%cal Bc6a5,Ba5b7,Bb7d8,Bd8f7,Bf7h8,Bh8g6,Bg6f4][%mdl 4] is recently more successful than 9...Bg4. C77: Ruy Lopez: 3...a6 4 Ba4 Nf6, unusual lines.} 10. Ba2 Be6 11. Nd5 Nxd5 {The position is equal.} 12. Bxd5 Bxd5 13. exd5 f5 14. b4 Nb7 15. Bb2 Qd7 {[#]} 16. Rc1 $146 ({Predecessor:} 16. Qd2 Bf6 17. c4 Rae8 18. Rac1 h6 19. Qc2 Rf7 20. cxb5 axb5 21. Qc6 Nd8 22. Qxd7 Rxd7 {½-½ (56) Stijve,T (2339)-Tejaswini,S (2190) Caleta 2019}) 16... Nd8 17. c4 Nf7 18. cxb5 axb5 19. Qc2 Bd8 20. Rfe1 Nh8 21. h4 ({White should try} 21. Nd2) 21... Ng6 $17 22. h5 (22. Ng5 $17) 22... Nf4 $1 $19 {[%csl LRd5,LRh5][%mdl 64] [#] Double Attack} 23. h6 g5 ({Not} 23... Nxd5 24. Qb3 $14) 24. Qb3 (24. g3 $17 {was called for.} Nh3+ 25. Kg2) 24... Qf7 25. Bxe5 dxe5 26. Nxe5 Qxd5 27. Qxd5+ Nxd5 28. Nd7 Ne7 29. Nxf8 Kxf8 30. Rc5 {[#]} c6 $1 ({Much less strong is} 30... Rxa3 31. Rxb5 Rxd3 32. g4 $17) 31. g4 (31. d4 $142) 31... Rxa3 32. gxf5 Kf7 ({Weaker is} 32... Rxd3 33. f6 $17) 33. d4 Rd3 34. Re4 Bc7 35. Rxe7+ Kxe7 {[%mdl 4096] Endgame KRB-KR} 36. f6+ $2 (36. Rxc6 Bf4 37. Re6+ Kf7 38. Rb6) 36... Kf7 37. Rxc6 Bd8 38. Rc5 Bxf6 39. Rxb5 Rxd4 40. Kg2 Be7 41. Kg3 Rxb4 42. Rxb4 Bxb4 43. Kg4 Bd2 {Accuracy: White = 42%, Black = 79%.} 0-1